000 01423njm a22002777a 4500
005 20100908141154.0
006 a|||||r|||||00| 0
007 sd ammalaaahaa
008 100901t xxu||||| |||| 00| 0 eng d
028 _aN -54647
_bHis Master 's Voice
035 _aGR-01389
040 _aSED
_cSED
100 _aMohd.Rafi
_917816
245 _aAao pyar kare/
_h[Gramophone Recoding] :
_b
_cby Mohamed Rafi.Lata Mangeshker
246 _aआओ प्यार करे /मोहमद रफ़ी .लता मंगेशकर
260 _aDum Dum, India:
_bHis Master 's Voice
300 _a1 sound Disc [GramaphoneRecording] :
_banalog, 33 1/3 rpm ;
_c9.5 in (MP)
_fGramaphone Records
500 _aBrief Record
505 _aअर्त१ तुम अकेले तो कभी ( आओ प्यार करे )मोहमद रफ़ी .लता मंगेशकर 1 Tum akele to kabhi -1(Aao pyar kare)(Mohamed Rafi.Lata Mangeshker)Part २ तुम अकेले तो कभी Part 2 Tum akele to kabhi -2 (Aao pyar kare)(Mohamed Rafi.Lata Mangeshker)
650 _aMotion Picture Music
_xExcerpts
_zIndia
_917817
700 _917836
_aLata mangesker
700 _aUsha khanna
_918937
700 _aRajender Krishen
_918938
942 _2ddc
_cGR
999 _c44014
_d44014